Súhrnný indikátor spotrebiteľskej dôvery

Vývoj indikátora spotrebiteľskej dôvery v SR. Indexy spotrebiteľskej dôvery v členských štátoch EÚ. Stručný prehľad výsledkov.

Enregistré dans:
Détails bibliographiques
Format: Chapitre de livre
Langue:slovaque
Sujets:
Tags: Ajouter un tag
Pas de tags, Soyez le premier à ajouter un tag!

MARC

LEADER 00000naa$a2200000$$$4500
001 0106433
005 20230927074109.3
041 0 |a slo 
044 |a SK 
245 1 0 |a Súhrnný indikátor spotrebiteľskej dôvery 
520 |a Vývoj indikátora spotrebiteľskej dôvery v SR. Indexy spotrebiteľskej dôvery v členských štátoch EÚ. Stručný prehľad výsledkov. 
610 2 0 |a situácia hospodárska 
610 2 0 |a spotrebitelia 
610 2 0 |a vývoj hospodársky 
610 2 0 |a nezamestnanosť 
610 2 0 |a úspory obyvateľstva 
610 2 0 |a Slovensko 
610 2 0 |a 2009